000 00608nam a2200241Ia 4500
003 OSt
005 20221007072211.0
006 a|||||r|||| 00| 0
007 ta
008 221006b |||||||| |||| 00| 0 eng d
024 _a42,943
037 _cTextual
040 _aFLL
_cFLL
_beng
041 _2eng
_aeng
082 _aZ3,111, Q4
100 _aBuck T.
_9690230
245 0 _aInternational law
250 _a3rd
260 _aLondon
_bRoutledge Taylor & Francis Group UK
_c2014
300 _axxx,478p
_ccm.
942 _hZ3,111, Q4
_cTEXL
_2CC
999 _c1145411
_d1145411